00633nam a2200229 a 450000100060000000300080000600500170001400800410003103500190007204000440009104100080013508200250014310000170016824500420018525000190022726000410024630000200028750000280030750400260033565000210036165000210038242477BD-RjUL20211209053540.0160613s1944 enk b 001 0 eng  a(BD-RjUL)42595 aDLCcNGHdNGHdOCoLCdDLCdBD-RjULbeng aeng a338.91223bHAR 19441 aHayek, F. A.14aThe road to serfdom /cby F.A. Hayek. a(Abridged ed.) aLondon :bG. Routledge & sons,c1944 a95 p. ;c22 cm. a"First published 1944." aIncludes Bibliography 0aEconomic policy. 0aTotalitarianism.